000 00285nam a2200097Ia 4500
001 644436
005 20250826153605.0
008 250824s9999 xx 000 0 und d
245 0 _aBilimsel Serüvenler Grip Aşılarının Geliştirilmesi
_cMichael Burgan
260 _bTÜBİTAK YAYINLARI
999 _c644436
_d644436